|
|
|
|
| LEADER |
02052nem a2200409 a 4500 |
| 001 |
mzk03001085278 |
| 003 |
CZ BrMZK |
| 005 |
20130725153511.0 |
| 007 |
aj|aa||| |
| 008 |
110117q18241829au |||||||a|||r|0|||gerod |
| 034 |
1 |
|
|a a
|b 28000000
|d W0331837
|e E0662643
|f N0390545
|g S0391356
|
| 040 |
|
|
|a BOA001
|b cze
|
| 043 |
|
|
|a f------
|
| 072 |
|
7 |
|a 913(6)
|x Geografie Afriky, reálie, cestování
|2 Konspekt
|9 7
|
| 072 |
|
7 |
|a 912:904
|x Staré mapy
|2 Konspekt
|9 7
|
| 080 |
|
|
|a (6)
|2 MRF
|
| 080 |
|
|
|a (084.3)
|2 MRF
|
| 100 |
1 |
|
|a Schmidt, Johann Marius Friedrich,
|d 1776-1849
|7 mzk2010577163
|4 ant
|
| 245 |
1 |
0 |
|a Africa
|h [kartografický dokument] /
|c nach J.M.F. Schmit
|
| 255 |
|
|
|a Měřítko [ca 1:28 000 000]. 7,7 cm = 300 Geographische Meilen 15 auf 1 Grad des Aequators
|c (033°18´37" z.d.--066°26´43" v.d./039°05´45" s.š.--039°13´56" j.š.)
|
| 260 |
|
|
|a Wien :
|b bey Tranquillo Mollo,
|c [mezi 1824 a 1829]
|
| 300 |
|
|
|a 1 mapa :
|b mědirytina ;
|c 32,5 x 44 cm, na listu 40,5 x 51 cm
|
| 500 |
|
|
|a Výzdoba: V levém dolním rohu název, v pravém dolním rohu měřítko, v mapovém rámci geografické souřadnice, souřadnicová síť
|
| 500 |
|
|
|a Vpravo pod mapovým rámcem: Lehrbuch der Geographie IV.te Abthl. Seite 134-156
|
| 510 |
4 |
|
|a Dörflinger, J. Atlantes Austriaci kommentierter Katalog der österreichischen Atlanten von 1561 bis 1994,
|c I/1, s. 71
|
| 655 |
|
7 |
|a staré mapy
|7 fd674099
|2 czenas
|
| 651 |
|
7 |
|a Afrika
|7 ge137148
|2 czenas
|
| 700 |
1 |
|
|a Dirwalt, Joseph
|4 aut
|
| 700 |
1 |
|
|a Mollo, Tranquillo,
|d 1767-1837
|7 xx0085957
|4 pbl
|
| 787 |
0 |
8 |
|i Samostatná mapa publikovaná v atlase:
|t Allgemeiner Hand-Atlas zum Gebrauch für die Jugend in höhern und niedern Schulen, für Kaufleute und Zeitungsleser.
|g [Blatt] 8 / [Joseph Dirwalt]
|
| 856 |
4 |
1 |
|u http://www.digitalniknihovna.cz/mzk/uuid/uuid:64ac0900-a601-4899-860a-9f043f980042
|y Digitalizovaný dokument
|
| 910 |
|
|
|a BOA001
|b STMpa-1257.612
|
| 978 |
|
|
|b Mollo, Tranquillo
|a Wien
|c 1824-1829
|
| 984 |
|
|
|a Vídeň
|b Rakousko
|
| 985 |
|
|
|a 1801-1850
|
| 990 |
|
|
|a MP
|
| 991 |
|
|
|k mzk
|